Loading...
| Current Events | 3 | 13.33 | 100% | 33% | 0% |
| Fine Arts - Classical Music | 7 | 22.86 | 100% | 100% | 29% |
| Fine Arts - Other Fine Arts | 9 | 13.33 | 89% | 22% | 22% |
| Fine Arts - Painting and Sculpture | 7 | 17.14 | 86% | 57% | 29% |
| Geography | 2 | 20.00 | 100% | 50% | 50% |
| History - American History | 10 | 16.00 | 100% | 50% | 10% |
| History - European History | 7 | 22.86 | 100% | 86% | 43% |
| History - Other History | 8 | 17.50 | 88% | 63% | 25% |
| History - World History | 7 | 17.14 | 100% | 71% | 0% |
| Literature - American Literature | 2 | 5.00 | 50% | 0% | 0% |
| Literature - British Literature | 9 | 24.44 | 100% | 78% | 67% |
| Literature - European Literature | 6 | 16.67 | 100% | 67% | 0% |
| Literature - World Literature | 8 | 20.00 | 100% | 88% | 13% |
| Mythology | 7 | 18.57 | 100% | 57% | 29% |
| Other Academic | 1 | 20.00 | 100% | 100% | 0% |
| Philosophy | 9 | 24.44 | 100% | 89% | 56% |
| Pop Culture | 3 | 6.67 | 33% | 33% | 0% |
| Religion | 7 | 15.71 | 100% | 43% | 14% |
| Science - Biology | 8 | 21.25 | 88% | 88% | 38% |
| Science - Chemistry | 7 | 17.14 | 100% | 57% | 14% |
| Science - Other Science | 9 | 17.78 | 89% | 56% | 33% |
| Science - Physics | 8 | 20.00 | 100% | 88% | 13% |
| Social Science | 7 | 20.00 | 100% | 71% | 29% |